[Event "UK Armed Services Championship"]
[Site "Wittering"]
[Date "2024.04.07"]
[Round "6.22"]
[White "Hutton, Michael"]
[Black "Eddershaw, John HT"]
[Result "0-1"]
[WhiteElo "600"]
[BlackElo "1273"]
[PlyCount "114"]
[EventDate "2024.04.05"]
[EventType "swiss"]
[EventRounds "7"]
[EventCountry "ENG"]
[SourceTitle "BritBase"]
[Source "John Saunders"]
[SourceDate "2024.05.09"]
[SourceVersion "1"]
[SourceVersionDate "2024.04.06"]
[SourceQuality "1"]

1. d4 f5 2. Nc3 Nf6 3. Bf4 e6 4. e3 Bb4 5. Nge2 O-O 6. a3 Be7 7. h3 c6 8. Qd2
d5 9. O-O-O Nbd7 10. Ng3 Nb6 11. b3 Bxa3+ 12. Kb1 Qe8 13. Be2 Qd8 14. h4 Bb4
15. h5 Ne4 16. Ngxe4 fxe4 17. h6 g6 18. f3 exf3 19. gxf3 a5 20. Bd3 Nd7 21.
Bxg6 hxg6 22. Qg2 Kh7 23. Rdg1 Rg8 24. Bg5 Qe8 25. Ne2 Bd6 26. f4 b6 27. Rf1
Ba6 28. f5 exf5 29. Bf4 Bxe2 30. Qxe2 Bxf4 31. Rxf4 Qe6 32. Qd3 Rae8 33. Rf3
Qe4 34. Qxe4 dxe4 35. d5 cxd5 36. Rff1 Ne5 37. Rd1 Rd8 38. c4 dxc4 39. Rc1 cxb3
40. Rc3 a4 41. Rg1 Ng4 42. Rh1 Rc8 43. Rhc1 Rxc3 44. Rxc3 Kxh6 45. Kb2 Rb8 46.
Ka3 b5 47. Rc1 Nxe3 48. Rh1+ Kg7 49. Rh3 Nc2+ 50. Kb2 b4 51. Rh2 Nd4 52. Kb1 a3
53. Rd2 Nf3 54. Rb2 a2+ 55. Rxa2 bxa2+ 56. Ka1 b3 57. Kb2 e3 0-1

[Event "UK Armed Services Championship"]
[Site "Wittering"]
[Date "2024.04.07"]
[Round "6.23"]
[White "Altaykan, Metin"]
[Black "Ahmad, Hasan"]
[Result "1-0"]
[WhiteElo "1744"]
[BlackElo "1098"]
[PlyCount "87"]
[EventDate "2024.04.05"]
[EventType "swiss"]
[EventRounds "7"]
[EventCountry "ENG"]
[SourceTitle "BritBase"]
[Source "John Saunders"]
[SourceDate "2024.05.09"]
[SourceVersion "1"]
[SourceVersionDate "2024.04.06"]
[SourceQuality "1"]

1. d4 d5 2. e3 a6 3. Bd3 c5 4. c3 c4 5. Bc2 Nf6 6. Nd2 e6 7. f4 Bd6 8. Ngf3 Nc6
9. Ne5 O-O 10. Qf3 Bd7 11. O-O Qe7 12. e4 b5 13. Nxc6 Bxc6 14. e5 Nd7 15. exd6
Qxd6 16. f5 e5 17. dxe5 Nxe5 18. Qf4 f6 19. Nf3 Rfe8 20. Nd4 Bd7 21. Qg3 Kh8
22. Bf4 Qb6 23. Rae1 b4 24. Bxe5 fxe5 25. Rxe5 Rf8 26. Re7 Qf6 27. Rxd7 bxc3
28. bxc3 Rae8 29. Ne6 Rxe6 30. Qxg7+ Qxg7 31. Rxg7 Kxg7 32. fxe6 Rxf1+ 33. Kxf1
Kf6 34. Bf5 h6 35. Ke2 Ke7 36. g4 Kd6 37. h4 a5 38. g5 hxg5 39. hxg5 Ke7 40. g6
Kf6 41. Ke3 a4 42. Kd4 a3 43. Kxd5 Ke7 44. g7 1-0

[Event "UK Armed Services Championship"]
[Site "Wittering"]
[Date "2024.04.07"]
[Round "6.24"]
[White "Pitchers, Michael"]
[Black "Tucker, David S"]
[Result "0-1"]
[WhiteElo "1528"]
[BlackElo "1949"]
[PlyCount "82"]
[EventDate "2024.04.05"]
[EventType "swiss"]
[EventRounds "7"]
[EventCountry "ENG"]
[SourceTitle "BritBase"]
[Source "John Saunders"]
[SourceDate "2024.05.09"]
[SourceVersion "1"]
[SourceVersionDate "2024.04.06"]
[SourceQuality "1"]

1. Nf3 Nf6 2. c4 c5 3. e3 g6 4. Nc3 Bg7 5. Be2 O-O 6. O-O Na6 7. d4 d6 8. b3 b6
9. Bb2 Bb7 10. d5 Nc7 11. Qc2 a6 12. Bd3 b5 13. Ne4 Rb8 14. Rab1 Bc8 15. h3
Nce8 16. Kh2 Qc7 17. Nxf6+ Nxf6 18. Rg1 e5 19. e4 Nxe4 20. Nxe5 dxe5 21. Bxe4
f5 22. d6 Qxd6 23. Bd5+ Be6 24. Bxe6+ Qxe6 25. Rge1 bxc4 26. Qxc4 Qxc4 27. bxc4
e4 28. Bxg7 Kxg7 29. Rxb8 Rxb8 30. Re2 Rb4 31. Rc2 Kf6 32. a3 Ra4 33. Rc3 Ke5
34. g4 Kd4 35. Rg3 f4 36. Rg1 Rxa3 37. Rc1 Ra2 38. Kg1 a5 39. Kf1 a4 40. Ke1 a3
41. Kd1 Rxf2 0-1

[Event "UK Armed Services Championship"]
[Site "Wittering"]
[Date "2024.04.07"]
[Round "6.25"]
[White "O'Byrne, Danny"]
[Black "Arrowsuch, Samuel"]
[Result "1-0"]
[WhiteElo "1672"]
[BlackElo "1150"]
[PlyCount "69"]
[EventDate "2024.04.05"]
[EventType "swiss"]
[EventRounds "7"]
[EventCountry "ENG"]
[SourceTitle "BritBase"]
[Source "John Saunders"]
[SourceDate "2024.05.09"]
[SourceVersion "1"]
[SourceVersionDate "2024.04.06"]
[SourceQuality "1"]

1. d4 f5 2. Bf4 Nf6 3. Nc3 g6 4. Qd2 Bg7 5. f3 d6 6. O-O-O O-O 7. e4 Qe8 8. e5
Nh5 9. Bh6 Bxh6 10. Qxh6 e6 11. Nh3 Rf7 12. Ng5 Rg7 13. Ne2 Nc6 14. g4 fxg4 15.
fxg4 Ne7 16. Ne4 g5 17. Qxh5 Qxh5 18. Nf6+ Kf8 19. Nxh5 Rf7 20. Nf6 Nd5 21. Rd3
Nxf6 22. exf6 Bd7 23. Rg1 Rxf6 24. Bg2 d5 25. Re3 Ke7 26. Bxd5 Raf8 27. Re1 Rf1
28. Kd2 R1f2 29. Rh1 Kd6 30. Be4 Bc6 31. h4 Bxe4 32. Rxe4 gxh4 33. Rxh4 Kd5 34.
Re5+ Kd6 35. Rxh7 1-0

[Event "UK Armed Services Championship"]
[Site "Wittering"]
[Date "2024.04.07"]
[Round "6.26"]
[White "Chapman, Chas"]
[Black "Mulholland, Richard"]
[Result "1-0"]
[WhiteElo "1546"]
[BlackElo "1000"]
[PlyCount "67"]
[EventDate "2024.04.05"]
[EventType "swiss"]
[EventRounds "7"]
[EventCountry "ENG"]
[SourceTitle "BritBase"]
[Source "John Saunders"]
[SourceDate "2024.05.09"]
[SourceVersion "1"]
[SourceVersionDate "2024.04.06"]
[SourceQuality "1"]

1. e4 e5 2. Nf3 Nc6 3. Bc4 Nd4 4. Nxe5 Nh6 5. Nf3 Bc5 6. c3 Nxf3+ 7. Qxf3 O-O
8. d4 b5 9. Bxh6 bxc4 10. Qg3 Qf6 11. Qxg7+ Qxg7 12. Bxg7 Kxg7 13. dxc5 d6 14.
cxd6 cxd6 15. O-O Bb7 16. f3 Rac8 17. Rd1 Rfd8 18. Na3 d5 19. exd5 Bxd5 20. Rd2
Rd6 21. Rad1 Rcd8 22. Nxc4 R6d7 23. Ne3 Be6 24. Rxd7 Bxd7 25. c4 Kf8 26. c5 Ke8
27. Ng4 Ba4 28. Rxd8+ Kxd8 29. b4 Kc7 30. Kf2 Kc6 31. Ke3 Bc2 32. a3 Kb5 33.
Kd4 Bf5 34. Kd5 1-0

[Event "UK Armed Services Championship"]
[Site "Wittering"]
[Date "2024.04.07"]
[Round "6.27"]
[White "Brewer, Sam"]
[Black "Lock, Benedict"]
[Result "1-0"]
[WhiteElo "1397"]
[BlackElo "1545"]
[PlyCount "45"]
[EventDate "2024.04.05"]
[EventType "swiss"]
[EventRounds "7"]
[EventCountry "ENG"]
[SourceTitle "BritBase"]
[Source "John Saunders"]
[SourceDate "2024.05.09"]
[SourceVersion "1"]
[SourceVersionDate "2024.04.06"]
[SourceQuality "1"]

1. d4 d5 2. c4 Nf6 3. Nc3 c6 4. e3 g6 5. Nf3 Bg4 6. h3 Bxf3 7. Qxf3 Bh6 8. Bd3
O-O 9. h4 dxc4 10. Bxc4 b5 11. Bxb5 Nd5 12. Bc4 Qa5 13. Bxd5 cxd5 14. Qxd5 Qxd5
15. Nxd5 Rc8 16. Nxe7+ Kg7 17. Nxc8 Nc6 18. Nd6 Nb4 19. O-O Rd8 20. Ne4 f5 21.
Ng5 Nc2 22. Rb1 Bxg5 23. hxg5 1-0

[Event "UK Armed Services Championship"]
[Site "Wittering"]
[Date "2024.04.07"]
[Round "6.28"]
[White "Bradley, Eric"]
[Black "Searle, Tristan"]
[Result "0-1"]
[WhiteElo "1317"]
[BlackElo "1424"]
[PlyCount "60"]
[EventDate "2024.04.05"]
[EventType "swiss"]
[EventRounds "7"]
[EventCountry "ENG"]
[SourceTitle "BritBase"]
[Source "John Saunders"]
[SourceDate "2024.05.09"]
[SourceVersion "1"]
[SourceVersionDate "2024.04.06"]
[SourceQuality "1"]

1. b3 e5 2. Bb2 Nc6 3. e4 Nf6 4. Nc3 d5 5. f3 Bb4 6. Bb5 d4 7. Bxc6+ bxc6 8.
Nce2 O-O 9. a3 Bd6 10. d3 Be6 11. c4 a5 12. Ng3 Nd7 13. N1e2 Nc5 14. O-O Rb8
15. Nc1 Qg5 16. Qe1 f5 17. Qxa5 f4 18. Qd2 Nxb3 19. Nxb3 Rxb3 20. Qc2 Rfb8 21.
Rfb1 fxg3 22. h3 Qe3+ 23. Kh1 Qxd3 24. Qxd3 Rxd3 25. Bxd4 Rxb1+ 26. Rxb1 Rxd4
27. a4 Bxc4 28. a5 Ba6 29. Rb8+ Kf7 30. Rb1 c5 0-1

[Event "UK Armed Services Championship"]
[Site "Wittering"]
[Date "2024.04.07"]
[Round "6.29"]
[White "Stuttard, Harry"]
[Black "Drummond, Iestyn"]
[Result "1-0"]
[WhiteElo "1489"]
[BlackElo "1300"]
[PlyCount "35"]
[EventDate "2024.04.05"]
[EventType "swiss"]
[EventRounds "7"]
[EventCountry "ENG"]
[SourceTitle "BritBase"]
[Source "John Saunders"]
[SourceDate "2024.05.09"]
[SourceVersion "1"]
[SourceVersionDate "2024.04.06"]
[SourceQuality "1"]

1. d4 e6 2. c4 f5 3. Nc3 Nf6 4. Nf3 b6 5. e3 Bb7 6. Be2 Be7 7. Qc2 Nc6 8. a3
Nh5 9. d5 exd5 10. cxd5 Nb8 11. Ne5 g6 12. Bxh5 gxh5 13. Qxf5 Bf6 14. e4 Ke7
15. Qxh5 Qf8 16. Bg5 Rg8 17. Qxh7+ Rg7 18. Ng6+ 1-0

[Event "UK Armed Services Championship"]
[Site "Wittering"]
[Date "2024.04.07"]
[Round "6.30"]
[White "Taylor, Ross"]
[Black "Margarson, Martyn"]
[Result "1-0"]
[WhiteElo "1476"]
[BlackElo "1200"]
[PlyCount "61"]
[EventDate "2024.04.05"]
[EventType "swiss"]
[EventRounds "7"]
[EventCountry "ENG"]
[SourceTitle "BritBase"]
[Source "John Saunders"]
[SourceDate "2024.05.09"]
[SourceVersion "1"]
[SourceVersionDate "2024.04.06"]
[SourceQuality "1"]

1. e4 e5 2. Nf3 Nc6 3. Bc4 Nf6 4. Ng5 Qe7 5. Bxf7+ Kd8 6. Bb3 Rg8 7. Bxg8 Nxg8
8. Nf3 g5 9. d3 Bh6 10. h3 Qb4+ 11. Nc3 Nd4 12. a3 Qb6 13. Nxd4 Qxd4 14. Be3
Qd6 15. Qh5 Qe6 16. Bxg5+ Bxg5 17. Qxg5+ Nf6 18. Nd5 c6 19. Nxf6 h6 20. Qxh6
Kc7 21. f4 Kb6 22. f5 Qd6 23. Qe3+ Ka6 24. Ne8 Qb8 25. Qc5 b6 26. Qb4 c5 27.
Qc4+ Kb7 28. b4 d6 29. b5 a5 30. Qf7+ Bd7 31. Qxd7+ 1-0

[Event "UK Armed Services Championship"]
[Site "Wittering"]
[Date "2024.04.07"]
[Round "6.32"]
[White "Price, Jamie"]
[Black "Opaleye, Toluwaniyi"]
[Result "0-1"]
[WhiteElo "1300"]
[BlackElo "1395"]
[PlyCount "64"]
[EventDate "2024.04.05"]
[EventType "swiss"]
[EventRounds "7"]
[EventCountry "ENG"]
[SourceTitle "BritBase"]
[Source "John Saunders"]
[SourceDate "2024.05.09"]
[SourceVersion "1"]
[SourceVersionDate "2024.04.06"]
[SourceQuality "1"]

1. e4 e5 2. Nf3 Nc6 3. Bc4 h6 4. Nc3 Nf6 5. d3 Bb4 6. O-O O-O 7. Re1 d6 8. a3
Bxc3 9. bxc3 Be6 10. Bb3 Qd7 11. d4 Bxb3 12. cxb3 Rfe8 13. c4 b6 14. Bb2 Nxd4
15. Nxd4 exd4 16. Qxd4 c5 17. Qd3 Qc6 18. Qf3 Re6 19. Re3 Rae8 20. Rd1 b5 21.
Qg3 g5 22. Rf3 Nxe4 23. Qh3 Nf6 24. Rf1 Ne4 25. Qh5 R8e7 26. h3 Nd2 27. cxb5
Qxb5 28. a4 Qxf1+ 29. Kh2 Nxf3+ 30. Qxf3 Qe2 31. Qc3 Qe5+ 32. g3 Qxc3 0-1

[Event "UK Armed Services Championship"]
[Site "Wittering"]
[Date "2024.04.07"]
[Round "6.34"]
[White "Shrestha, Yubraj"]
[Black "Bridge, Michael"]
[Result "0-1"]
[WhiteElo "1200"]
[BlackElo "1376"]
[PlyCount "132"]
[EventDate "2024.04.05"]
[EventType "swiss"]
[EventRounds "7"]
[EventCountry "ENG"]
[SourceTitle "BritBase"]
[Source "John Saunders"]
[SourceDate "2024.05.09"]
[SourceVersion "1"]
[SourceVersionDate "2024.04.06"]
[SourceQuality "1"]

1. e4 e5 2. Nf3 Nc6 3. b3 Bc5 4. Bb2 d6 5. Nc3 Bg4 6. Nd5 Nge7 7. Ne3 Bh5 8. h3
Nd4 9. g4 Bg6 10. d3 Bb4+ 11. Nd2 Ba5 12. Nec4 Bxd2+ 13. Nxd2 Qd7 14. Nf3 Nxf3+
15. Qxf3 O-O-O 16. Qe3 Qc6 17. O-O-O a6 18. Bg2 f6 19. Rhg1 Bf7 20. h4 d5 21.
g5 d4 22. Qd2 Qc5 23. Kb1 Nc6 24. Bh3+ Kb8 25. gxf6 gxf6 26. Rc1 Rhg8 27. f3 a5
28. c3 dxc3 29. Qxc3 Qxc3 30. Bxc3 Rxg1 31. Rxg1 Rxd3 32. Kb2 Rxf3 33. Bf5 a4
34. Rg7 Bg6 35. Bxg6 hxg6 36. Rxg6 axb3 37. axb3 f5 38. exf5 Rxf5 39. Bd2 Nd4
40. Be3 Rf3 41. Bg1 Rxb3+ 42. Ka2 Rh3 43. Rg5 b6 44. Rxe5 Nf3 45. Re8+ Kb7 46.
Rg8 Nxg1 47. Rxg1 Rxh4 48. Kb3 c5 49. Rg3 Ka6 50. Rg8 Kb5 51. Rg3 Rb4+ 52. Ka3
Ra4+ 53. Kb3 c4+ 54. Kb2 Kb4 55. Kb1 Ra3 56. Rg5 b5 57. Kb2 Rf3 58. Rg2 Rb3+
59. Ka2 Ra3+ 60. Kb2 c3+ 61. Kb1 Kb3 62. Rc2 Ra1+ 63. Kxa1 Kxc2 64. Ka2 Kd1 65.
Kb3 c2 66. Kb4 c1=Q 0-1

[Event "UK Armed Services Championship"]
[Site "Wittering"]
[Date "2024.04.07"]
[Round "6.36"]
[White "Sherpa, Angtshiring"]
[Black "Reynolds, Ellis"]
[Result "1-0"]
[WhiteElo "1000"]
[BlackElo "1305"]
[PlyCount "79"]
[EventDate "2024.04.05"]
[EventType "swiss"]
[EventRounds "7"]
[EventCountry "ENG"]
[SourceTitle "BritBase"]
[Source "John Saunders"]
[SourceDate "2024.05.09"]
[SourceVersion "1"]
[SourceVersionDate "2024.04.06"]
[SourceQuality "1"]

1. e4 d5 2. d3 d4 3. c3 c5 4. Nf3 Nc6 5. a3 e5 6. Qb3 Bd6 7. Be2 Nge7 8. Ng5
O-O 9. h4 Na5 10. Qa2 Qb6 11. Nd2 h6 12. Nh3 Be6 13. c4 f5 14. b3 Bc7 15. Rg1
fxe4 16. dxe4 Bd8 17. g4 Kh8 18. Rg3 Ng8 19. Nf3 Qc7 20. g5 h5 21. g6 Rxf3 22.
Rxf3 Bxh4 23. Bg5 Bxh3 24. Rxh3 Bxg5 25. Bxh5 Nh6 26. f3 Qe7 27. Qh2 Nxb3 28.
Ra2 Rf8 29. Rf2 Be3 30. Rg2 d3 31. Rb2 d2+ 32. Kd1 Nc1 33. Bg4 Rd8 34. Rh5 Qe8
35. Qxe5 Qa4+ 36. Rc2 Qxa3 37. f4 Nd3 38. Rxh6+ Kg8 39. Qe6+ Kf8 40. Qf7# {
Amazing game!} 1-0

[Event "UK Armed Services Championship"]
[Site "Wittering"]
[Date "2024.04.07"]
[Round "6.38"]
[White "Symonds, Joshua"]
[Black "Duxbury, Daniel"]
[Result "0-1"]
[WhiteElo "1200"]
[BlackElo "1260"]
[PlyCount "88"]
[EventDate "2024.04.05"]
[EventType "swiss"]
[EventRounds "7"]
[EventCountry "ENG"]
[SourceTitle "BritBase"]
[Source "John Saunders"]
[SourceDate "2024.05.09"]
[SourceVersion "1"]
[SourceVersionDate "2024.04.06"]
[SourceQuality "1"]

1. e4 c5 2. Nf3 Nc6 3. c4 d6 4. d4 cxd4 5. Nxd4 Nf6 6. Nc3 g6 7. Bg5 Bg7 8.
Nxc6 bxc6 9. e5 dxe5 10. Qxd8+ Kxd8 11. g3 Rb8 12. b3 e6 13. Ne4 Ke7 14. Bd3
Rd8 15. Rd1 Bb7 16. O-O h6 17. Bxf6+ Bxf6 18. f4 exf4 19. Nxf6 Kxf6 20. Rxf4+
Kg7 21. Kf2 g5 22. Re4 c5 23. Re5 Rbc8 24. Ke3 Rd6 25. Rd2 f6 26. Be4 Rxd2 27.
Bxb7 fxe5 28. Kxd2 Rd8+ 29. Ke3 Kf6 30. g4 Rd1 31. Ke4 Rh1 32. Bd5 Rxh2 33. a4
a5 34. Kd3 h5 35. Bf3 hxg4 36. Bxg4 Rh4 37. Be2 g4 38. b4 Rh3+ 39. Ke4 axb4 40.
Bd1 g3 41. Kf3 e4+ 42. Kg2 Rh2+ 43. Kxg3 Rd2 44. Bb3 Rd3+ 0-1

[Event "UK Armed Services Championship"]
[Site "Wittering"]
[Date "2024.04.07"]
[Round "6.39"]
[White "Sanni-Woollams, Ryan"]
[Black "Finn, Matthew"]
[Result "0-1"]
[WhiteElo "1160"]
[BlackElo "1200"]
[PlyCount "54"]
[EventDate "2024.04.05"]
[EventType "swiss"]
[EventRounds "7"]
[EventCountry "ENG"]
[SourceTitle "BritBase"]
[Source "John Saunders"]
[SourceDate "2024.05.09"]
[SourceVersion "1"]
[SourceVersionDate "2024.04.06"]
[SourceQuality "1"]

1. d4 d5 2. c3 e6 3. Bf4 Bd6 4. Bxd6 Qxd6 5. e3 Nd7 6. Bd3 c5 7. Qg4 g6 8. Nh3
c4 9. Bc2 Ngf6 10. Qf4 Qxf4 11. Nxf4 O-O 12. O-O b5 13. b3 Re8 14. Na3 a6 15.
f3 e5 16. Ne2 exd4 17. Nxd4 Rxe3 18. Nb1 Bb7 19. Kf2 Rae8 20. Ne6 R8xe6 21. Na3
Nc5 22. g4 Nd3+ 23. Kg3 Ne4+ 24. Kh4 g5+ 25. Kh3 Rh6+ 26. Kg2 Re2+ 27. Kg1
Rhxh2 0-1

[Event "UK Armed Services Championship"]
[Site "Wittering"]
[Date "2024.04.08"]
[Round "7.1"]
[White "Bradley, William"]
[Black "Onley, David E"]
[Result "1-0"]
[WhiteElo "1901"]
[BlackElo "2156"]
[Annotator "kjt23"]
[PlyCount "95"]
[EventDate "2024.04.05"]
[EventType "swiss"]
[EventRounds "7"]
[EventCountry "ENG"]
[SourceTitle "BritBase"]
[Source "John Saunders"]
[SourceDate "2024.05.09"]
[SourceVersion "1"]
[SourceVersionDate "2024.04.06"]
[SourceQuality "1"]

1. e4 c5 2. Nc3 Nc6 3. f4 g6 4. Nf3 Bg7 5. a4 d6 6. Bb5 Bd7 7. O-O e6 8. Bxc6
Bxc6 9. Qe1 Ne7 10. d3 Bd7 11. e5 d5 12. Nb5 Nc8 13. b3 a6 14. Nc3 Ne7 15. a5
Nc6 16. Na4 Nb4 17. Qc3 Bxa4 18. Rxa4 Rc8 19. Ba3 d4 20. Qd2 Nd5 21. Bb2 h6 22.
Kh1 O-O 23. Qf2 Nxf4 24. Nxd4 Nxd3 25. cxd3 cxd4 26. Ba3 Bxe5 27. Bxf8 Qxf8 28.
Rc4 Rd8 29. Qc2 Bb8 30. Rc1 Qd6 31. g3 Kg7 32. Rc8 Rxc8 33. Qxc8 Qd5+ 34. Kg1
Qf3 35. Rf1 Qe3+ 36. Kg2 Be5 37. Qxb7 Bf6 38. Qf3 Qe5 39. Qf4 Qd5+ 40. Kg1 Qd8
41. b4 e5 42. Qf3 Qe7 43. b5 Bg5 44. Qxf7+ $1 Qxf7 45. Rxf7+ Kxf7 46. bxa6 e4
47. a7 exd3 48. a8=Q 1-0

[Event "UK Armed Services Championship"]
[Site "Wittering"]
[Date "2024.04.08"]
[Round "7.2"]
[White "Millener, Richard P"]
[Black "Parker, Glen D"]
[Result "1-0"]
[WhiteElo "1845"]
[BlackElo "2039"]
[PlyCount "107"]
[EventDate "2024.04.05"]
[EventType "swiss"]
[EventRounds "7"]
[EventCountry "ENG"]
[SourceTitle "BritBase"]
[Source "John Saunders"]
[SourceDate "2024.05.09"]
[SourceVersion "1"]
[SourceVersionDate "2024.04.06"]
[SourceQuality "1"]

1. d4 e6 2. Nc3 d5 3. Bf4 Bd6 4. e3 Nf6 5. Nf3 Bxf4 6. exf4 O-O 7. Ne5 b6 8. g4
c5 9. g5 Nfd7 10. h4 f6 11. Nxd7 Bxd7 12. dxc5 bxc5 13. Bg2 Bc6 14. Qe2 Qd6 15.
Qd2 Nd7 16. O-O-O Rab8 17. f5 d4 18. Ne4 Bxe4 19. Bxe4 Ne5 20. gxf6 Rxf6 21.
fxe6 Qxe6 22. b3 Ng4 23. Bd3 Qd6 24. Bc4+ Kh8 25. Rdf1 Rbf8 26. Qe2 Qf4+ 27.
Kb1 Ne5 28. h5 Nf3 29. Rd1 Ng5 30. Qe7 h6 31. Qxc5 Nf3 32. Bd3 Ne5 33. Qxa7
Nxd3 34. Rxd3 Qe4 35. Rg1 R6f7 36. Qxd4 Qe2 37. Rdg3 Qe7 38. Rg6 Rf6 39. Rxg7
Qxg7 40. Rxg7 Kxg7 41. a4 Kg8 42. Qg4+ Kf7 43. a5 Ke7 44. Kb2 Kd6 45. Qd4+ Kc7
46. b4 Rxf2 47. Qg7+ Kc6 48. Qxh6+ R8f6 49. Qe3 Kb5 50. Qc5+ Ka4 51. a6 R2f5
52. Qc8 Rf8 53. Qc6+ Kxb4 54. a7 1-0

[Event "UK Armed Services Championship"]
[Site "Wittering"]
[Date "2024.04.08"]
[Round "7.3"]
[White "Kenyon, James"]
[Black "Tenin, Alex"]
[Result "1/2-1/2"]
[WhiteElo "1675"]
[BlackElo "2061"]
[PlyCount "103"]
[EventDate "2024.04.05"]
[EventType "swiss"]
[EventRounds "7"]
[EventCountry "ENG"]
[SourceTitle "BritBase"]
[Source "John Saunders"]
[SourceDate "2024.05.09"]
[SourceVersion "1"]
[SourceVersionDate "2024.04.06"]
[SourceQuality "1"]

1. c4 Nf6 2. Nc3 Nc6 3. Nf3 d6 4. d4 Bf5 5. g3 Qd7 6. Qa4 a5 7. a3 Nd8 8. Qxd7+
Kxd7 9. Bg2 h6 10. O-O Ne6 11. Be3 Bc2 12. Rac1 Bh7 13. c5 Ng4 14. d5 Nd8 15.
c6+ bxc6 16. dxc6+ Kc8 17. Bd2 e6 18. h3 Nf6 19. b4 axb4 20. axb4 Rb8 21. b5
Ne4 22. Ra1 Nxc3 23. Bxc3 Rxb5 24. Nd4 Rb8 25. Ra7 d5 26. Rfa1 e5 27. Bxd5 exd4
28. Bxd4 Ne6 29. Be5 Bd6 30. Bxe6+ fxe6 31. Bxd6 cxd6 32. c7 Rb1+ 33. Rxb1 Bxb1
34. Ra8+ Kxc7 35. Rxh8 Kc6 36. Kf1 Kd5 37. Rd8 e5 38. f3 Ke6 39. e4 Ba2 40. Kf2
d5 41. exd5+ Bxd5 42. Re8+ Kf6 43. Ke3 h5 44. f4 exf4+ 45. Kxf4 g5+ 46. Ke3 h4
47. gxh4 gxh4 48. Kf4 Be6 49. Rh8 Bxh3 50. Rxh4 Be6 51. Rh6+ Ke7 52. Ke5
1/2-1/2

[Event "UK Armed Services Championship"]
[Site "Wittering"]
[Date "2024.04.08"]
[Round "7.4"]
[White "Thurlow, Kevin J"]
[Black "Ross, David C (snr)"]
[Result "1/2-1/2"]
[WhiteElo "2042"]
[BlackElo "1710"]
[PlyCount "44"]
[EventDate "2024.04.05"]
[EventType "swiss"]
[EventRounds "7"]
[EventCountry "ENG"]
[SourceTitle "BritBase"]
[Source "John Saunders"]
[SourceDate "2024.05.09"]
[SourceVersion "1"]
[SourceVersionDate "2024.04.06"]
[SourceQuality "1"]

1. c4 e5 2. Nc3 Nc6 3. e3 g6 4. d4 exd4 5. exd4 Bg7 6. Be3 d6 7. Nf3 Bf5 8. Be2
Nf6 9. d5 Ne7 10. Nd4 Bd7 11. O-O O-O 12. Rc1 a6 13. Bf3 Nf5 14. Nxf5 Bxf5 15.
h3 Re8 16. b4 Ne4 17. Nxe4 Bxe4 18. Bxe4 Rxe4 19. Qd2 Qf6 20. a4 Qb2 21. Qxb2
Bxb2 22. Rc2 Bd4 1/2-1/2

[Event "UK Armed Services Championship"]
[Site "Wittering"]
[Date "2024.04.08"]
[Round "7.6"]
[White "Foulds, Andrew"]
[Black "Podolski, Edwin"]
[Result "0-1"]
[WhiteElo "1792"]
[BlackElo "1593"]
[PlyCount "62"]
[EventDate "2024.04.05"]
[EventType "swiss"]
[EventRounds "7"]
[EventCountry "ENG"]
[SourceTitle "BritBase"]
[Source "John Saunders"]
[SourceDate "2024.05.09"]
[SourceVersion "1"]
[SourceVersionDate "2024.04.06"]
[SourceQuality "1"]

1. d4 e6 2. c4 Nf6 3. Nc3 d5 4. Bg5 Be7 5. cxd5 exd5 6. e3 O-O 7. Bd3 Bg4 8.
Nge2 c6 9. Qc2 Nbd7 10. O-O h6 11. Bh4 g5 12. Bg3 Nh5 13. f3 Nxg3 14. Nxg3 Be6
15. e4 dxe4 16. fxe4 Nf6 17. Nce2 Bg4 18. Rad1 Qb6 19. Kh1 Rad8 20. Rxf6 Bxf6
21. e5 Bg7 22. h3 Bxe2 23. Qxe2 Rxd4 24. Nf5 Rf4 25. e6 Qf2 26. Nxh6+ Bxh6 27.
exf7+ R8xf7 28. Qe8+ Bf8 29. Qe6 R4f6 30. Qe4 Qf4 31. Qe2 Bd6 0-1

[Event "UK Armed Services Championship"]
[Site "Wittering"]
[Date "2024.04.08"]
[Round "7.7"]
[White "Lavender, Lee"]
[Black "Sherpa, Ngadi"]
[Result "0-1"]
[WhiteElo "1465"]
[BlackElo "1791"]
[PlyCount "50"]
[EventDate "2024.04.05"]
[EventType "swiss"]
[EventRounds "7"]
[EventCountry "ENG"]
[SourceTitle "BritBase"]
[Source "John Saunders"]
[SourceDate "2024.05.09"]
[SourceVersion "1"]
[SourceVersionDate "2024.04.06"]
[SourceQuality "1"]

1. d4 g6 2. Bf4 Bg7 3. Nc3 d5 4. e3 a6 5. h4 Nf6 6. Bd3 Nc6 7. a3 Bd7 8. Nf3
Bg4 9. Qd2 Bxf3 10. gxf3 Nh5 11. Bg3 Bh6 12. Be2 Nf6 13. O-O-O b5 14. f4 e6 15.
h5 Bg7 16. Rh2 Ne7 17. Bf3 Rc8 18. e4 dxe4 19. Nxe4 Nf5 20. Nxf6+ Bxf6 21. Bc6+
Kf8 22. d5 Qd6 23. Rdh1 Kg7 24. h6+ Kf8 25. Bh4 Nxh4 0-1

[Event "UK Armed Services Championship"]
[Site "Wittering"]
[Date "2024.04.08"]
[Round "7.8"]
[White "Nelder, Alan J"]
[Black "O'Brien, Anthony T"]
[Result "0-1"]
[WhiteElo "1628"]
[BlackElo "1847"]
[PlyCount "66"]
[EventDate "2024.04.05"]
[EventType "swiss"]
[EventRounds "7"]
[EventCountry "ENG"]
[SourceTitle "BritBase"]
[Source "John Saunders"]
[SourceDate "2024.05.09"]
[SourceVersion "1"]
[SourceVersionDate "2024.04.06"]
[SourceQuality "1"]

1. e4 e6 2. d4 d5 3. Nd2 Nf6 4. e5 Nfd7 5. Ne2 c5 6. c3 Nc6 7. Nf3 h6 8. Ng3
Qb6 9. Be2 f6 10. Qc2 cxd4 11. Qg6+ Ke7 12. Nh5 Ndxe5 13. Nxe5 Nxe5 14. Qg3 g6
15. Nf4 g5 16. Nd3 Nxd3+ 17. Bxd3 dxc3 18. bxc3 Qd6 19. Qe3 Qe5 20. O-O Qxc3
21. Bd2 Qe5 22. Qh3 Kf7 23. Qh5+ Ke7 24. Bb4+ Kd8 25. Ba5+ b6 26. Bb5 Bd6 27.
Rfe1 Qxh2+ 28. Qxh2 Bxh2+ 29. Kxh2 bxa5 30. Rab1 Rb8 31. Bd3 Rxb1 32. Rxb1 Kd7
33. Rb5 Ba6 0-1